| 000 | 02955cam a22004934i 4500 | ||
|---|---|---|---|
| 003 | PE-LiUPU | ||
| 005 | 20250731172905.0 | ||
| 008 | 170124s2016 miu rb 001 0 eng d | ||
| 020 | _a0802873669 | ||
| 020 | _a9780802873668 | ||
| 035 | _a(Sirsi) a166423 | ||
| 040 |
_aPE-LiUPU _bspa _cPE-LiUPU _erda |
||
| 049 | _aPRUA | ||
| 082 | 0 | 4 |
_a251 _bG79 _223 |
| 100 | 1 |
_aGreidanus, Sidney, _d1935- _eautor. |
|
| 245 | 1 | 0 |
_aPreaching Christ from Psalms : _bfoundations for expository sermons in the Christian year / _cSidney Greidanus. |
| 264 | 1 |
_aGrand Rapids, Michigan : _bWilliam B. Eerdmans Publishing Company, _c2016. |
|
| 300 |
_axx, 595 páginas ; _c24 centimetros |
||
| 336 |
_atext _2rdacontent |
||
| 337 |
_aunmediated _2rdamedia |
||
| 338 |
_avolume _2rdacarrier |
||
| 504 | _aBibliografía : páginas 586-590. | ||
| 504 | _aÍndices: páginas 591-595. | ||
| 505 | 0 | _aIssues in preaching Christ from Psalms. Objections to preaching Psalms ; Literary interpretation of Psalms ; Historical interpretation of Psalms ; Theocentric interpretation of Psalms ; Christocentric interpretation of Psalms ; Preaching Psalms -- "Happy are those whose delight is in the law of the Lord" -- "Pray for the peace of Jerusalem" -- Give the King your justice, O God" -- "Happy are those whose help is in the God of Jacob" -- "Restore us, O Lord God of hosts" -- "Sing to the Lord a new song" -- "May the kings of Seba and the Sheba bring gifts" -- "The voice of the Lord is powerful" -- "I will make the nations your heritage" -- "Create in me a clean heart, O God" -- "Happy are those whose transgression is forgiven" -- "The Lord is your keeper" -- "Let us make a joyful noise to the rock of our salvation" -- "The Lord is my shepherd" -- "Out of the depths I cry to you, O Lord" -- "O give thanks to the Lord!" -- "My God, my God, why have you forsaken me?" -- "This is the day that the Lord has made" -- "God has gone up with a shout..., with the sound of a trumpet" -- "Bless the Lord, O my soul!" -- "O Lord..., how majestic is your name in all the earth!" -- "Make a joyful noise to the Lord, all the earth!". | |
| 526 | _aSEG42 | ||
| 526 | _aSEG41 | ||
| 526 | _aSEG40 | ||
| 526 | _aSEG39 | ||
| 526 | _aP94 | ||
| 526 | _aP87 | ||
| 526 | _aP86 | ||
| 526 | _aP85 | ||
| 526 | _aP77 | ||
| 526 | _aP76 | ||
| 526 | _aP35 | ||
| 650 | 0 | 0 | _aPredicación. |
| 650 | 0 | 7 |
_aTipología (Teología) _xSermons. |
| 910 |
_ajck _bjvq _cjck _d20170124. |
||
| 942 |
_2ddc _cBOOK |
||
| 949 |
_a251 G79 _wDEWEY _c1 _i75589 _lCATALOGING _mBUL _p30.00 _r0 _sY _tBOOK _u2017-01-24 _xTEOLOGIA _zPOSGRADO TEOLOGÍA _0COMPRA _o.CIRCNOTE. El documento es de alto precio. _o.STAFF. Colección Teología |
||
| 596 | _a1 | ||
| 999 |
_a251 G79 _wLC _c15163 _i75589 _f2021-11-10 _g5 _lCCODEBUL1 _mBUL _p30.00 _r0 _sY _tBOOK _u2017-1-24 _xTEOLOGIA _PP85 _0COMPRA _o.STAFF. Colección Teología _d15163 |
||
| 980 |
_81 _gALBERTO SANCHEZ Responsable de Automatización |
||